Medzinárodná preprava, zasielateľstvo a logistika: manažment obchodných operácií
Na minha lista:
| Autor principal: | |
|---|---|
| Autor Corporativo: | |
| Outros Autores: | , , |
| Formato: | Livro |
| Idioma: | eslovaco |
| Publicado em: |
Bratislava
Vydavateľstvo EKONÓM
2015
|
| Edição: | 1. vyd. |
| Assuntos: | |
| Tags: |
Sem tags, seja o primeiro a adicionar uma tag!
|
MARC
| LEADER | 00000nam a2200000 4500 | ||
|---|---|---|---|
| 001 | 0206994 | ||
| 005 | 20240502073435.0 | ||
| 020 | |a 978-80-225-4127-5 | ||
| 041 | 0 | |a slo | |
| 044 | |a SK | ||
| 245 | 1 | 0 | |a Medzinárodná preprava, zasielateľstvo a logistika: manažment obchodných operácií |c Lucia Furdová a Heda Hansenová ; recenzenti: Elena Kašťáková, Vladimír Janúšek |
| 250 | |a 1. vyd. | ||
| 264 | 1 | |a Bratislava |b Vydavateľstvo EKONÓM |c 2015 | |
| 300 | |a 128 s. [6,96 AH] | ||
| 610 | 2 | 0 | |a preprava |
| 610 | 2 | 0 | |a zasielateľstvá |
| 610 | 2 | 0 | |a logistika |
| 610 | 2 | 0 | |a operácie obchodné |
| 610 | 2 | 0 | |a manažment |
| 100 | 1 | |a Furdová, Lucia, 1984- | |
| 700 | 1 | |a Hansenová, Heda | |
| 700 | 1 | |a Kašťáková, Elena, 1974- | |
| 700 | 1 | |a Janúšek, Vladimír | |
| 710 | 2 | |a Ekonomická univerzita v Bratislave. Obchodná fakulta | |